| 000 | 00611nam a2200169 i 4500 | ||
|---|---|---|---|
| 001 | 109486 | ||
| 003 | ES-MaACL | ||
| 005 | 20230906184842.0 | ||
| 007 | t| | ||
| 008 | 061121s1903 sp r ||||1| spa d | ||
| 100 | 1 |
_aOlóriz y Ortega, Federico. _987006 |
|
| 245 | 1 | 0 |
_aInvestigaciones radiográficas sobre el desarrollo del esqueleto de la mano _b: memoria presentada para el doctorado en medicina ... / _cpor Federico Olóriz y Ortega. |
| 260 |
_aMadrid : _bNicolás Moya, _c1903. |
||
| 300 |
_a95 p., [2] h. de lám. ; _c24 cm. |
||
| 650 | 4 |
_aManos- _xAnatomía. _9154239 |
|
| 852 |
_aES-MaACL _jT-1046-F-12 |
||
| 999 |
_c109486 _d109486 |
||